[Event "Portoroz op 12th"]
[Site "Portoroz"]
[Date "2018.07.16"]
[Round "4"]
[White "Srebrnic, Vojko"]
[Black "Pozzi, Paolo"]
[Result "1-0"]
[WhiteElo "2119"]
[BlackElo "1789"]
[PlyCount "91"]
[EventDate "2018.07.14"]
[EventType "swiss"]
[EventRounds "9"]
[EventCountry "SVK"]
[SourceTitle "EXT 2019"]
[Source "ChessBase"]
[SourceDate "2018.10.10"]
[SourceVersion "1"]
[SourceVersionDate "2018.10.10"]
[SourceQuality "1"]

1. e4 c5 2. Nc3 Nc6 3. f4 g6 4. Bb5 Nd4 5. Nf3 a6 6. Bd3 Bg7 7. Nxd4 cxd4 8. Ne2 d6 9. 0-0 Nh6 10. Qe1 0-0 11. b3 f5 12. Ng3 Qc7 13. Bb2 e5 14. exf5 Nxf5 15. fxe5 Bxe5 16. Nxf5 Bxf5 17. Bxf5 Rxf5 18. Rxf5 gxf5 19. Rc1 Qg7 20. Qh4 Qg4 21. Qxg4+ fxg4 22. c4 Rc8 23. g3 Kf7 24. Re1 b5 25. d3 bxc4 26. dxc4 h5 27. Rd1 Re8 28. Kf2 Ke6 29. Bxd4 Rf8+ 30. Ke2 a5 31. Bxe5 dxe5 32. Rd5 a4 33. b4 Rc8 34. Kd3 e4+ 35. Kd4 Rf8 36. Kxe4 h4 37. gxh4 Rh8 38. h5 a3 39. Ra5 Rb8 40. Ra6+ Kf7 41. b5 Rc8 42. Rc6 Re8+ 43. Kf5 Re2 44. Rc7+ Ke8 45. b6 Rxa2 46. b7 1-0